[Event "45th FIDE Chess Olympiad Open"]
[Site "Budapest, Hungary"]
[Date "2024.09.21"]
[Round "10"]
[White "Lee, Kyungseok"]
[Black "Kanz, Ahmad Safy"]
[Result "1-0"]
[Board "223"]
[WhiteFideId "13202154"]
[BlackFideId "11700947"]
[BlackTitle "CM"]
[WhiteElo "2044"]
[BlackElo "1977"]
[WhiteTeam "South Korea"]
[BlackTeam "Afghanistan"]
[WhiteClock "0:23:19"]
[BlackClock "0:26:33"]
[Variant "Standard"]

1. d4 {[%clk 1:30:47]}  Nf6 {[%clk 1:30:26]} 2. c4 {[%clk 1:25:37]}  g6 {[%clk 1:30:43]} 3. Nc3 {[%clk 1:25:16]}  Bg7 {[%clk 1:31:05]} 4. e4 {[%clk 1:25:17]}  d6 {[%clk 1:31:28]} 5. Bd3 {[%clk 1:25:17]}  O-O {[%clk 1:31:02]} 6. Nge2 {[%clk 1:25:24]}  c5 {[%clk 1:29:24]} 7. d5 {[%clk 1:23:59]}  e6 {[%clk 1:29:09]} 8. h3 {[%clk 1:19:32]}  exd5 {[%clk 1:26:36]} 9. exd5 {[%clk 1:16:42]}  Nbd7 {[%clk 1:25:16]} 10. O-O {[%clk 1:16:33]}  a6 {[%clk 1:23:48]} 11. Ng3 {[%clk 1:16:14]}  Ne5 {[%clk 1:19:16]} 12. Be2 {[%clk 1:16:06]}  b5 {[%clk 1:17:46]} 13. cxb5 {[%clk 1:10:53]}  axb5 {[%clk 1:17:12]} 14. Bxb5 {[%clk 1:10:50]}  Bb7 {[%clk 1:15:50]} 15. Bg5 {[%clk 1:09:13]}  Ned7 {[%clk 1:11:25]} 16. Qd2 {[%clk 0:55:31]}  Qb6 {[%clk 1:03:57]} 17. a4 {[%clk 0:47:49]}  Ba6 {[%clk 1:03:25]} 18. Bh6 {[%clk 0:43:24]}  Bxh6 {[%clk 0:58:34]} 19. Qxh6 {[%clk 0:42:20]}  Bxb5 {[%clk 0:58:50]} 20. axb5 {[%clk 0:39:35]}  Rxa1 {[%clk 0:49:33]} 21. Rxa1 {[%clk 0:39:55]}  Re8 {[%clk 0:49:59]} 22. Ra6 {[%clk 0:38:59]}  Qc7 {[%clk 0:49:49]} 23. Qf4 {[%clk 0:39:08]}  Re5 {[%clk 0:49:47]} 24. Rc6 {[%clk 0:37:11]}  Qb8 {[%clk 0:49:26]} 25. Qa4 {[%clk 0:37:07]}  Nxd5 {[%clk 0:48:23]} 26. Nxd5 {[%clk 0:33:03]}  Rxd5 {[%clk 0:48:40]} 27. Qa6 {[%clk 0:32:40]}  Kg7 {[%clk 0:48:11]} 28. Rc8 {[%clk 0:32:37]}  Qb6 {[%clk 0:48:05]} 29. Qxb6 {[%clk 0:32:09]}  Nxb6 {[%clk 0:48:28]} 30. Rc6 {[%clk 0:32:20]}  Nc4 {[%clk 0:47:45]} 31. b3 {[%clk 0:30:06]}  Na5 {[%clk 0:44:02]} 32. Ne4 {[%clk 0:23:29]}  Rd4 {[%clk 0:33:58]} 33. f3 {[%clk 0:22:01]}  Rb4 {[%clk 0:33:24]} 34. Nxd6 {[%clk 0:21:23]}  Rxb5 {[%clk 0:32:57]} 35. Ra6 {[%clk 0:21:34]}  Rxb3 {[%clk 0:30:57]} 36. Rxa5 {[%clk 0:21:21]}  Rd3 {[%clk 0:31:24]} 37. Nc4 {[%clk 0:21:20]}  Rd5 {[%clk 0:31:48]} 38. Kf2 {[%clk 0:21:26]}  Kf6 {[%clk 0:31:25]} 39. Ke3 {[%clk 0:21:36]}  Ke6 {[%clk 0:30:50]} 40. Ra6+ {[%clk 0:21:47]}  Ke7 {[%clk 0:31:14]} 41. Ra3 {[%clk 0:20:54]}  Rd4 {[%clk 0:31:23]} 42. Rc3 {[%clk 0:20:52]}  f5 {[%clk 0:30:32]} 43. Nd2 {[%clk 0:20:48]}  Kd6 {[%clk 0:30:26]} 44. Rd3 {[%clk 0:20:32]}  f4+ {[%clk 0:29:50]} 45. Ke2 {[%clk 0:20:56]}  Kd5 {[%clk 0:29:59]} 46. Ne4 {[%clk 0:20:57]}  h6 {[%clk 0:29:21]} 47. Rxd4+ {[%clk 0:20:47]}  Kxd4 {[%clk 0:29:37]} 48. Kd2 {[%clk 0:21:09]}  c4 {[%clk 0:29:25]} 49. Nc3 {[%clk 0:21:31]}  g5 {[%clk 0:28:05]} 50. Ne2+ {[%clk 0:21:54]}  Kc5 {[%clk 0:27:27]} 51. Kc3 {[%clk 0:22:19]}  Kd5 {[%clk 0:27:29]} 52. Nd4 {[%clk 0:22:34]}  h5 {[%clk 0:27:32]} 53. Nc2 {[%clk 0:22:37]}  g4 {[%clk 0:25:46]} 54. hxg4 {[%clk 0:22:28]}  hxg4 {[%clk 0:26:08]} 55. Na3 {[%clk 0:22:47]}  Ke5 {[%clk 0:26:07]} 56. Nxc4+ {[%clk 0:23:02]}  Kf5 {[%clk 0:26:34]} 57. Kd4 {[%clk 0:23:09]}  Kg5 {[%clk 0:26:33]} 58. Ke4 {[%clk 0:23:19]} 1-0

[Event "45th FIDE Chess Olympiad Open"]
[Site "Budapest, Hungary"]
[Date "2024.09.21"]
[Round "10"]
[White "Abdul Khaliq, Wais"]
[Black "Huh, Isaak"]
[Result "1-0"]
[Board "224"]
[WhiteFideId "11700467"]
[BlackFideId "13209590"]
[WhiteElo "1968"]
[BlackElo "2114"]
[WhiteTeam "Afghanistan"]
[BlackTeam "South Korea"]
[WhiteClock "0:13:36"]
[BlackClock "0:00:52"]
[Variant "Standard"]

1. d4 {[%clk 1:30:51]}  Nf6 {[%clk 1:30:44]} 2. c4 {[%clk 1:31:06]}  e6 {[%clk 1:27:16]} 3. Nc3 {[%clk 1:30:00]}  Bb4 {[%clk 1:27:42]} 4. Bg5 {[%clk 1:27:22]}  h6 {[%clk 1:23:36]} 5. Bh4 {[%clk 1:27:41]}  c5 {[%clk 1:06:15]} 6. e3 {[%clk 1:19:57]}  d6 {[%clk 0:50:23]} 7. Qc2 {[%clk 1:13:29]}  cxd4 {[%clk 0:45:07]} 8. exd4 {[%clk 1:10:19]}  Nbd7 {[%clk 0:44:32]} 9. Nf3 {[%clk 1:09:04]}  b6 {[%clk 0:41:35]} 10. Be2 {[%clk 1:01:06]}  Bb7 {[%clk 0:41:35]} 11. O-O {[%clk 1:00:55]}  O-O {[%clk 0:36:07]} 12. Nd1 {[%clk 0:49:21]}  d5 {[%clk 0:33:54]} 13. c5 {[%clk 0:49:23]}  bxc5 {[%clk 0:32:17]} 14. a3 {[%clk 0:45:17]}  Ba5 {[%clk 0:32:29]} 15. dxc5 {[%clk 0:45:04]}  Rc8 {[%clk 0:30:16]} 16. b4 {[%clk 0:43:13]}  Bc7 {[%clk 0:30:34]} 17. Qa4 {[%clk 0:39:52]}  Bb8 {[%clk 0:27:30]} 18. Rc1 {[%clk 0:33:13]}  e5 {[%clk 0:22:22]} 19. Nb2 {[%clk 0:27:13]}  g5 {[%clk 0:12:51]} 20. Bg3 {[%clk 0:25:27]}  Ne4 {[%clk 0:11:03]} 21. Bb5 {[%clk 0:20:59]}  Nxg3 {[%clk 0:08:18]} 22. hxg3 {[%clk 0:21:27]}  Nf6 {[%clk 0:06:41]} 23. c6 {[%clk 0:21:30]}  Ba8 {[%clk 0:05:33]} 24. Ba6 {[%clk 0:20:03]}  Qd6 {[%clk 0:02:31]} 25. Bxc8 {[%clk 0:19:55]}  Rxc8 {[%clk 0:03:00]} 26. b5 {[%clk 0:20:10]}  e4 {[%clk 0:01:48]} 27. Nd4 {[%clk 0:19:57]}  Qe5 {[%clk 0:00:52]} 28. Nd1 {[%clk 0:17:30]}  Ng4 {[%clk 0:00:36]} 29. Rc3 {[%clk 0:17:12]}  Qc7 {[%clk 0:00:40]} 30. Ne3 {[%clk 0:16:13]}  Nxe3 {[%clk 0:00:43]} 31. Rxe3 {[%clk 0:16:17]}  Qb6 {[%clk 0:00:39]} 32. Nf5 {[%clk 0:15:11]}  Re8 {[%clk 0:00:58]} 33. Qd4 {[%clk 0:14:20]}  Be5 {[%clk 0:01:01]} 34. Qxd5 {[%clk 0:14:14]}  Re6 {[%clk 0:01:08]} 35. Rxe4 {[%clk 0:14:11]}  Qb8 {[%clk 0:00:52]} 36. Rfe1 {[%clk 0:13:36]} 1-0

[Event "45th FIDE Chess Olympiad Open"]
[Site "Budapest, Hungary"]
[Date "2024.09.21"]
[Round "10"]
[White "Cogan, Nicolas"]
[Black "Rakotomaharo, Fy Antenaina"]
[Result "0-1"]
[Board "225"]
[WhiteFideId "679356"]
[BlackFideId "13100050"]
[BlackTitle "IM"]
[WhiteElo "2112"]
[BlackElo "2440"]
[WhiteTeam "Cote d’Ivoire"]
[BlackTeam "Madagascar"]
[WhiteClock "0:20:50"]
[BlackClock "0:33:41"]
[Variant "Standard"]

1. d4 {[%clk 1:29:59]}  Nf6 {[%clk 1:29:04]} 2. Nf3 {[%clk 1:30:07]}  d5 {[%clk 1:29:13]} 3. c4 {[%clk 1:30:04]}  e6 {[%clk 1:29:31]} 4. cxd5 {[%clk 1:30:06]}  exd5 {[%clk 1:29:47]} 5. Nc3 {[%clk 1:30:17]}  c6 {[%clk 1:29:09]} 6. Bg5 {[%clk 1:30:27]}  Bf5 {[%clk 1:29:30]} 7. e3 {[%clk 1:29:32]}  Nbd7 {[%clk 1:29:46]} 8. Bd3 {[%clk 1:29:36]}  Bxd3 {[%clk 1:29:24]} 9. Qxd3 {[%clk 1:29:57]}  Be7 {[%clk 1:29:19]} 10. O-O {[%clk 1:29:20]}  O-O {[%clk 1:29:45]} 11. Rab1 {[%clk 1:17:29]}  Ne4 {[%clk 1:14:38]} 12. Bf4 {[%clk 1:14:41]}  Nd6 {[%clk 0:47:54]} 13. Ne5 {[%clk 1:07:31]}  Nb6 {[%clk 0:46:56]} 14. h3 {[%clk 0:59:45]}  Re8 {[%clk 0:46:14]} 15. b3 {[%clk 0:46:40]}  Bf8 {[%clk 0:44:41]} 16. Bh2 {[%clk 0:40:17]}  Qg5 {[%clk 0:40:29]} 17. Rbe1 {[%clk 0:31:33]}  Rad8 {[%clk 0:32:41]} 18. Bf4 {[%clk 0:29:24]}  Qh5 {[%clk 0:25:47]} 19. Qd1 {[%clk 0:27:52]}  Qf5 {[%clk 0:26:08]} 20. Qd3 {[%clk 0:23:49]}  Rxe5 {[%clk 0:24:15]} 21. Qxf5 {[%clk 0:22:54]}  Rxf5 {[%clk 0:24:39]} 22. g4 {[%clk 0:23:20]}  Rxf4 {[%clk 0:24:46]} 23. exf4 {[%clk 0:23:44]}  g6 {[%clk 0:24:49]} 24. f3 {[%clk 0:21:57]}  Bg7 {[%clk 0:24:30]} 25. Rd1 {[%clk 0:21:46]}  Nd7 {[%clk 0:21:45]} 26. a4 {[%clk 0:19:14]}  Re8 {[%clk 0:19:37]} 27. Kf2 {[%clk 0:17:06]}  Bf6 {[%clk 0:20:01]} 28. Rd3 {[%clk 0:16:27]}  Nf8 {[%clk 0:19:35]} 29. Rc1 {[%clk 0:13:00]}  Ne6 {[%clk 0:13:47]} 30. Ne2 {[%clk 0:13:14]}  Bh4+ {[%clk 0:14:07]} 31. Kf1 {[%clk 0:12:42]}  Kf8 {[%clk 0:14:06]} 32. Rc2 {[%clk 0:12:09]}  Ke7 {[%clk 0:14:23]} 33. Re3 {[%clk 0:10:01]}  Kd7 {[%clk 0:14:46]} 34. Rec3 {[%clk 0:09:43]}  h6 {[%clk 0:14:34]} 35. Kg2 {[%clk 0:05:27]}  f5 {[%clk 0:14:36]} 36. Rc1 {[%clk 0:04:42]}  Rf8 {[%clk 0:11:44]} 37. Rh1 {[%clk 0:03:12]}  Bd8 {[%clk 0:10:33]} 38. Kg3 {[%clk 0:02:03]}  Bc7 {[%clk 0:10:54]} 39. Rf1 {[%clk 0:00:54]}  Nc8 {[%clk 0:10:16]} 40. Kg2 {[%clk 0:00:32]}  Nxf4+ {[%clk 0:09:48]} 41. Nxf4 {[%clk 0:00:52]}  Bxf4 {[%clk 0:10:12]} 42. Rd3 {[%clk 0:00:52]}  Nd6 {[%clk 0:09:12]} 43. Kf2 {[%clk 0:00:50]}  Re8 {[%clk 0:09:05]} 44. Rg1 {[%clk 0:00:41]}  Re6 {[%clk 0:09:19]} 45. Rh1 {[%clk 0:29:56]}  Bg5 {[%clk 0:39:10]} 46. Rb1 {[%clk 0:27:55]}  Bh4+ {[%clk 0:38:28]} 47. Kf1 {[%clk 0:28:16]}  a5 {[%clk 0:38:51]} 48. Ra1 {[%clk 0:27:55]}  f4 {[%clk 0:38:17]} 49. Rad1 {[%clk 0:27:29]}  Nf7 {[%clk 0:38:33]} 50. Rb1 {[%clk 0:27:11]}  Bg3 {[%clk 0:38:02]} 51. b4 {[%clk 0:22:25]}  axb4 {[%clk 0:38:21]} 52. Rdb3 {[%clk 0:22:22]}  Nd6 {[%clk 0:38:29]} 53. Rxb4 {[%clk 0:22:46]}  Kc8 {[%clk 0:36:30]} 54. a5 {[%clk 0:22:39]}  Nb5 {[%clk 0:34:03]} 55. R4b3 {[%clk 0:20:57]}  Re7 {[%clk 0:33:48]} 56. Rc1 {[%clk 0:20:29]}  Kb8 {[%clk 0:33:09]} 57. Rd3 {[%clk 0:20:33]}  Ka7 {[%clk 0:33:23]} 58. Ra1 {[%clk 0:20:41]}  Ka6 {[%clk 0:33:24]} 59. h4 {[%clk 0:20:50]}  Bxh4 {[%clk 0:33:41]} 0-1

[Event "45th FIDE Chess Olympiad Open"]
[Site "Budapest, Hungary"]
[Date "2024.09.21"]
[Round "10"]
[White "Razanadrakotoarisoa, Toavina"]
[Black "De Gondo, Simplice Armel"]
[Result "1-0"]
[Board "226"]
[WhiteFideId "13101439"]
[BlackFideId "14306310"]
[WhiteTitle "FM"]
[BlackTitle "FM"]
[WhiteElo "2147"]
[BlackElo "2045"]
[WhiteTeam "Madagascar"]
[BlackTeam "Cote d’Ivoire"]
[WhiteClock "0:41:09"]
[BlackClock "0:00:33"]
[Variant "Standard"]

1. d4 {[%clk 1:30:38]}  d5 {[%clk 1:30:56]} 2. c4 {[%clk 1:30:45]}  c6 {[%clk 1:31:25]} 3. Nc3 {[%clk 1:30:59]}  Nf6 {[%clk 1:31:53]} 4. Bg5 {[%clk 1:28:52]}  dxc4 {[%clk 1:23:51]} 5. a4 {[%clk 1:28:03]}  Qa5 {[%clk 1:20:41]} 6. Bxf6 {[%clk 1:08:31]}  exf6 {[%clk 1:21:09]} 7. e3 {[%clk 1:05:34]}  Bb4 {[%clk 1:21:36]} 8. Qc1 {[%clk 1:05:48]}  Be6 {[%clk 1:22:03]} 9. Nf3 {[%clk 1:06:08]}  Nd7 {[%clk 1:20:02]} 10. Be2 {[%clk 1:06:27]}  Nb6 {[%clk 1:20:30]} 11. O-O {[%clk 1:04:42]}  O-O {[%clk 1:20:59]} 12. Nd2 {[%clk 1:03:12]}  c5 {[%clk 1:14:28]} 13. Bf3 {[%clk 0:58:06]}  cxd4 {[%clk 1:12:49]} 14. exd4 {[%clk 0:58:28]}  Rab8 {[%clk 1:08:16]} 15. Nde4 {[%clk 0:57:51]}  Rfd8 {[%clk 1:07:36]} 16. Rd1 {[%clk 0:57:51]}  h6 {[%clk 1:05:29]} 17. Qf4 {[%clk 0:53:14]}  f5 {[%clk 0:43:19]} 18. d5 {[%clk 0:51:36]}  Bd7 {[%clk 0:23:30]} 19. Ng3 {[%clk 0:50:05]}  Bxc3 {[%clk 0:19:37]} 20. bxc3 {[%clk 0:50:33]}  Qxc3 {[%clk 0:20:05]} 21. a5 {[%clk 0:48:52]}  Na4 {[%clk 0:10:04]} 22. Rdc1 {[%clk 0:49:06]}  Qxa5 {[%clk 0:05:48]} 23. Rxc4 {[%clk 0:49:34]}  b5 {[%clk 0:06:17]} 24. Rc7 {[%clk 0:49:51]}  Qb6 {[%clk 0:04:01]} 25. h4 {[%clk 0:49:19]}  Rbc8 {[%clk 0:02:25]} 26. Rxc8 {[%clk 0:46:20]}  Rxc8 {[%clk 0:01:59]} 27. Re1 {[%clk 0:43:58]}  Nc3 {[%clk 0:00:48]} 28. Re7 {[%clk 0:41:46]}  Rd8 {[%clk 0:00:42]} 29. d6 {[%clk 0:41:15]}  Be6 {[%clk 0:00:46]} 30. Nxf5 {[%clk 0:41:28]}  Bxf5 {[%clk 0:00:36]} 31. Qxf5 {[%clk 0:41:57]}  Rf8 {[%clk 0:01:04]} 32. Qe5 {[%clk 0:40:56]}  b4 {[%clk 0:01:16]} 33. Re8 {[%clk 0:40:52]}  Qc6 {[%clk 0:00:33]} 34. Bxc6 {[%clk 0:41:09]} 1-0

[Event "45th FIDE Chess Olympiad Open"]
[Site "Budapest, Hungary"]
[Date "2024.09.21"]
[Round "10"]
[White "Manan, Yoboue Hermann"]
[Black "Andriamasoandro, Miora"]
[Result "1/2-1/2"]
[Board "227"]
[WhiteFideId "20800061"]
[BlackFideId "13100858"]
[WhiteTitle "CM"]
[WhiteElo "2030"]
[BlackElo "2116"]
[WhiteTeam "Cote d’Ivoire"]
[BlackTeam "Madagascar"]
[WhiteClock "0:37:01"]
[BlackClock "0:22:01"]
[Variant "Standard"]

1. e4 {[%clk 1:30:30]}  c5 {[%clk 1:30:52]} 2. Nf3 {[%clk 1:30:24]}  d6 {[%clk 1:31:11]} 3. Bb5+ {[%clk 1:30:32]}  Nd7 {[%clk 1:31:33]} 4. O-O {[%clk 1:30:10]}  a6 {[%clk 1:27:44]} 5. Bxd7+ {[%clk 1:30:01]}  Bxd7 {[%clk 1:28:05]} 6. d4 {[%clk 1:29:57]}  cxd4 {[%clk 1:28:17]} 7. Qxd4 {[%clk 1:30:07]}  e5 {[%clk 1:28:17]} 8. Qd3 {[%clk 1:29:26]}  h6 {[%clk 1:28:24]} 9. c4 {[%clk 1:26:34]}  Nf6 {[%clk 1:26:23]} 10. Nc3 {[%clk 1:26:36]}  b5 {[%clk 1:24:15]} 11. cxb5 {[%clk 1:20:58]}  axb5 {[%clk 1:24:40]} 12. b4 {[%clk 1:19:06]}  Be7 {[%clk 1:22:25]} 13. Nd2 {[%clk 1:12:35]}  Qb8 {[%clk 1:20:39]} 14. Nb3 {[%clk 1:11:14]}  O-O {[%clk 1:20:04]} 15. a3 {[%clk 1:06:20]}  Rc8 {[%clk 1:12:08]} 16. Bb2 {[%clk 1:05:42]}  Qb6 {[%clk 1:08:55]} 17. Kh1 {[%clk 1:04:17]}  Rab8 {[%clk 1:09:11]} 18. f3 {[%clk 0:59:10]}  Be6 {[%clk 1:08:18]} 19. Nd5 {[%clk 0:58:53]}  Nxd5 {[%clk 1:07:29]} 20. exd5 {[%clk 0:58:58]}  Bd7 {[%clk 1:07:55]} 21. f4 {[%clk 0:52:42]}  f6 {[%clk 1:07:55]} 22. Na5 {[%clk 0:49:01]}  Rc7 {[%clk 1:01:09]} 23. Rad1 {[%clk 0:48:02]}  Bf8 {[%clk 0:59:36]} 24. fxe5 {[%clk 0:44:40]}  fxe5 {[%clk 0:50:55]} 25. Qf3 {[%clk 0:41:30]}  Re8 {[%clk 0:47:53]} 26. Bc1 {[%clk 0:39:37]}  Bc8 {[%clk 0:45:07]} 27. Be3 {[%clk 0:38:52]}  Qa6 {[%clk 0:44:42]} 28. Rc1 {[%clk 0:38:04]}  Rd7 {[%clk 0:43:39]} 29. Qh5 {[%clk 0:35:18]}  Rde7 {[%clk 0:22:15]} 30. Nc6 {[%clk 0:35:12]}  Bb7 {[%clk 0:22:34]} 31. Qg6 {[%clk 0:33:40]}  Bxc6 {[%clk 0:21:54]} 32. dxc6 {[%clk 0:33:54]}  Qxa3 {[%clk 0:15:03]} 33. Bxh6 {[%clk 0:31:25]}  Qa7 {[%clk 0:11:58]} 34. Bg5 {[%clk 0:25:43]}  Rf7 {[%clk 0:06:22]} 35. Be3 {[%clk 0:23:23]}  Qe7 {[%clk 0:03:44]} 36. Bb6 {[%clk 0:20:52]}  Rc8 {[%clk 0:02:51]} 37. c7 {[%clk 0:20:31]}  Qd7 {[%clk 0:01:24]} 38. Rxf7 {[%clk 0:20:21]}  Qxf7 {[%clk 0:01:50]} 39. Qg4 {[%clk 0:20:31]}  Qe8 {[%clk 0:01:12]} 40. Qe4 {[%clk 0:20:13]}  Qe6 {[%clk 0:01:01]} 41. Rd1 {[%clk 0:20:34]}  Be7 {[%clk 0:00:43]} 42. Qd5 {[%clk 0:15:49]}  Qxd5 {[%clk 0:23:59]} 43. Rxd5 {[%clk 0:46:10]}  Kf7 {[%clk 0:24:26]} 44. Rxb5 {[%clk 0:46:25]}  Ke6 {[%clk 0:24:53]} 45. Ba5 {[%clk 0:45:54]}  d5 {[%clk 0:25:01]} 46. Rb8 {[%clk 0:46:08]}  Kd7 {[%clk 0:25:25]} 47. g3 {[%clk 0:43:20]}  Bd6 {[%clk 0:24:58]} 48. Rxc8 {[%clk 0:43:23]}  Kxc8 {[%clk 0:25:24]} 49. Kg2 {[%clk 0:43:31]}  Bxc7 {[%clk 0:25:48]} 50. Bxc7 {[%clk 0:43:24]}  Kxc7 {[%clk 0:26:15]} 51. h4 {[%clk 0:43:40]}  Kc6 {[%clk 0:19:26]} 52. h5 {[%clk 0:44:03]}  Kb5 {[%clk 0:19:53]} 53. g4 {[%clk 0:44:00]}  Kxb4 {[%clk 0:20:20]} 54. g5 {[%clk 0:43:40]}  d4 {[%clk 0:20:30]} 55. h6 {[%clk 0:43:14]}  gxh6 {[%clk 0:20:47]} 56. gxh6 {[%clk 0:43:29]}  d3 {[%clk 0:21:08]} 57. Kf2 {[%clk 0:40:30]}  Kc3 {[%clk 0:21:23]} 58. h7 {[%clk 0:40:09]}  d2 {[%clk 0:21:38]} 59. h8=Q {[%clk 0:39:54]}  d1=Q {[%clk 0:21:51]} 60. Qxe5+ {[%clk 0:37:01]}  Qd4+ {[%clk 0:22:01]} 1/2-1/2

[Event "45th FIDE Chess Olympiad Open"]
[Site "Budapest, Hungary"]
[Date "2024.09.21"]
[Round "10"]
[White "Rakotomaharavo, Dylan"]
[Black "Nean, Franck Anderson"]
[Result "1/2-1/2"]
[Board "228"]
[WhiteFideId "13102761"]
[BlackFideId "20802617"]
[WhiteTitle "CM"]
[WhiteElo "2078"]
[BlackElo "1917"]
[WhiteTeam "Madagascar"]
[BlackTeam "Cote d’Ivoire"]
[WhiteClock "0:07:32"]
[BlackClock "0:05:47"]
[Variant "Standard"]

1. e4 {[%clk 1:30:52]}  c5 {[%clk 1:30:52]} 2. Nf3 {[%clk 1:31:13]}  g6 {[%clk 1:30:57]} 3. d4 {[%clk 1:30:13]}  cxd4 {[%clk 1:31:17]} 4. Nxd4 {[%clk 1:30:38]}  Bg7 {[%clk 1:31:38]} 5. c4 {[%clk 1:30:12]}  Nc6 {[%clk 1:31:45]} 6. Be3 {[%clk 1:28:53]}  d6 {[%clk 1:31:59]} 7. Nc3 {[%clk 1:29:13]}  Nf6 {[%clk 1:32:14]} 8. Be2 {[%clk 1:29:16]}  O-O {[%clk 1:32:30]} 9. O-O {[%clk 1:29:35]}  Bd7 {[%clk 1:32:43]} 10. Nb3 {[%clk 1:23:11]}  Rc8 {[%clk 1:28:19]} 11. c5 {[%clk 1:21:36]}  dxc5 {[%clk 1:20:43]} 12. Nxc5 {[%clk 1:21:51]}  b6 {[%clk 1:20:41]} 13. Nxd7 {[%clk 1:20:21]}  Qxd7 {[%clk 1:20:53]} 14. Qa4 {[%clk 1:18:27]}  Na5 {[%clk 1:17:29]} 15. Bb5 {[%clk 1:10:30]}  Qe6 {[%clk 1:11:40]} 16. f3 {[%clk 1:10:46]}  Rfd8 {[%clk 1:09:38]} 17. Rfd1 {[%clk 1:10:45]}  h5 {[%clk 1:05:12]} 18. Ba6 {[%clk 1:10:58]}  Ra8 {[%clk 0:55:59]} 19. Rab1 {[%clk 1:07:05]}  h4 {[%clk 0:39:17]} 20. h3 {[%clk 1:07:12]}  Nh5 {[%clk 0:36:49]} 21. Nd5 {[%clk 1:07:11]}  Rab8 {[%clk 0:32:34]} 22. Bg5 {[%clk 1:06:40]}  Nf6 {[%clk 0:28:42]} 23. Qb5 {[%clk 1:00:16]}  Nxd5 {[%clk 0:20:50]} 24. exd5 {[%clk 0:59:27]}  Qd6 {[%clk 0:19:49]} 25. Bxh4 {[%clk 0:57:37]}  Qf4 {[%clk 0:19:08]} 26. Bf2 {[%clk 0:57:39]}  Be5 {[%clk 0:19:10]} 27. Kf1 {[%clk 0:58:01]}  Qh2 {[%clk 0:17:46]} 28. Bg1 {[%clk 0:56:58]}  Qf4 {[%clk 0:17:28]} 29. b4 {[%clk 0:55:32]}  Nb7 {[%clk 0:17:49]} 30. Qc4 {[%clk 0:55:48]}  Qf6 {[%clk 0:16:30]} 31. Bxb7 {[%clk 0:46:22]}  Rxb7 {[%clk 0:16:54]} 32. Qc6 {[%clk 0:46:48]}  Rbd7 {[%clk 0:16:28]} 33. Ke2 {[%clk 0:42:49]}  Qg5 {[%clk 0:15:24]} 34. g4 {[%clk 0:39:03]}  Bf4 {[%clk 0:15:06]} 35. h4 {[%clk 0:15:13]}  Qe5+ {[%clk 0:14:24]} 36. Kf1 {[%clk 0:15:33]}  Rd6 {[%clk 0:11:11]} 37. Qc4 {[%clk 0:11:22]}  Rxd5 {[%clk 0:10:26]} 38. Rxd5 {[%clk 0:09:50]}  Rxd5 {[%clk 0:10:28]} 39. Re1 {[%clk 0:09:23]}  Qd6 {[%clk 0:09:18]} 40. Rxe7 {[%clk 0:04:37]}  Rd1+ {[%clk 0:08:30]} 41. Re1 {[%clk 0:05:04]}  Rxe1+ {[%clk 0:05:11]} 42. Kxe1 {[%clk 0:05:30]}  Bg3+ {[%clk 0:03:40]} 43. Ke2 {[%clk 0:03:01]}  Bxh4 {[%clk 0:02:34]} 44. f4 {[%clk 0:01:30]}  Be7 {[%clk 0:00:58]} 45. b5 {[%clk 0:01:31]}  Qa3 {[%clk 0:00:37]} 46. Be3 {[%clk 0:30:28]}  Qb2+ {[%clk 0:30:19]} 47. Bd2 {[%clk 0:29:56]}  Bc5 {[%clk 0:30:05]} 48. a4 {[%clk 0:28:45]}  Qa1 {[%clk 0:29:31]} 49. Bc3 {[%clk 0:26:59]}  Qg1 {[%clk 0:29:05]} 50. g5 {[%clk 0:27:18]}  Qe3+ {[%clk 0:25:50]} 51. Kd1 {[%clk 0:27:35]}  Qg1+ {[%clk 0:24:42]} 52. Kc2 {[%clk 0:27:59]}  Qf2+ {[%clk 0:24:55]} 53. Kb3 {[%clk 0:25:25]}  Qf3 {[%clk 0:24:42]} 54. Kc2 {[%clk 0:23:50]}  Qg2+ {[%clk 0:21:05]} 55. Kb1 {[%clk 0:24:09]}  Qh1+ {[%clk 0:20:24]} 56. Ka2 {[%clk 0:24:33]}  Qc1 {[%clk 0:20:06]} 57. Kb3 {[%clk 0:23:28]}  Qe3 {[%clk 0:18:15]} 58. Kb2 {[%clk 0:21:34]}  Qf2+ {[%clk 0:15:57]} 59. Kb1 {[%clk 0:20:52]}  Qg1+ {[%clk 0:13:55]} 60. Ka2 {[%clk 0:20:30]}  Qc1 {[%clk 0:13:11]} 61. a5 {[%clk 0:12:25]}  Qa3+ {[%clk 0:11:02]} 62. Kb1 {[%clk 0:12:53]}  bxa5 {[%clk 0:08:27]} 63. f5 {[%clk 0:12:56]}  Be3 {[%clk 0:06:53]} 64. fxg6 {[%clk 0:05:13]}  Qc1+ {[%clk 0:07:06]} 65. Ka2 {[%clk 0:05:41]}  Qc2+ {[%clk 0:07:12]} 66. Ka1 {[%clk 0:06:09]}  Qc1+ {[%clk 0:06:34]} 67. Ka2 {[%clk 0:06:36]}  Qc2+ {[%clk 0:06:19]} 68. Ka1 {[%clk 0:07:04]}  Qc1+ {[%clk 0:05:47]} 69. Ka2 {[%clk 0:07:32]} 1/2-1/2